| 000 | 00674nam a2200193Ia 4500 | ||
|---|---|---|---|
| 003 | GCL | ||
| 008 | 140319s9999 xx 000 0 ara d | ||
| 040 |
_aGCL / _cGCL |
||
| 082 | 0 | 4 |
_a792.015 _bس م |
| 100 | 1 | _aسامح مهران | |
| 245 | 1 | 0 |
_aالمسرح بين العرب واسرائيل 1967 - 1973 / _cسامح مهران |
| 300 | _a235 ص | ||
| 490 |
_aعرب واسرائيليون _v0 |
||
| 650 | 0 | 4 | _aالمسرحيات العربية |
| 650 | 0 | 4 | _aالمسرحيات العربية - تاريخ ونقد |
| 650 | 0 | 4 | _aالمسرح,النزاع العربى الاسرائيل |
| 650 | 0 | 4 | _aالمسرح - الجوانب السياسية |
| 942 |
_2ddc _cBK |
||
| 999 |
_c48027 _d48027 |
||